DETERMINISMO E INDETERMINISMO/

TRADUCCION DE: DETERMINISME ET INDETERMINISME

Bewaard in:
Bibliografische gegevens
Hoofdauteur: Fevrier, Paulette (autor)
Formaat: Boek
Reeks:PROBLEMAS CIENTIFICOS Y FILOSOFICOS
Onderwerpen:
Tags: Voeg label toe
Geen labels, Wees de eerste die dit record labelt!

MARC

LEADER 00000nam^a2200000^a^4500
001 000216999
005 20250521000000.0
009 20260310103708.539
035 |a 012806 
037 |a Acervo Xavier Clavigero 
082 |a 123.  |b FEV 
100 |a Fevrier, Paulette  |e (autor) 
245 1 0 |a DETERMINISMO E INDETERMINISMO/  |c PAULETTE FEVRIER; TR. RAQUEL RABIELA DE GORTARI 
264 |a México :  |b UNAM,  |c 1957 
300 |a 269p. 
336 |a texto  |b txt  |2 rdacontenido 
337 |a sin mediación  |b n  |2 rdamedio 
338 |a volumen  |b nc  |2 rdasoporte 
440 |a PROBLEMAS CIENTIFICOS Y FILOSOFICOS 
520 |a TRADUCCION DE: DETERMINISME ET INDETERMINISME 
520 |a INCLUYE BIBLIOGRAFIA E INDICE 
649 |a XX 
650 |a Libre Albedrío 
650 |a Física -  |x Filosofía 
910 |a Fondo General 
920 |a Impresos - Libros 
930 |a Colección General 
905 |a 101 
901 |a 012806  |b IT1  |c ACC  |i 012806  |u 20250521 
901 |a 012807  |b IT1  |c ACC  |i 012807  |u 20250521 
902 |a https://opac.biblio.iteso.mx/vufind/Record/000216999